[Event "Sparkassen-Open A"]
[Site "Heusenstamm, Martinsee"]
[Date "2022.11.19"]
[Round "4.24"]
[White "Röschlau, Bernd"]
[Black "Steudel, Max"]
[Result "1-0"]
[WhiteElo "2214"]
[BlackElo "2043"]
[PlyCount "93"]
[EventDate "2022.??.??"]
[WhiteTeam "SC Heusenstamm"]
[BlackTeam "SC Brett vorm Kopp Ffm"]

1. d4 d5 2. c4 e6 3. Nc3 Nf6 4. Bg5 dxc4 5. e3 c5 6. Bxc4 cxd4 7. exd4 Nc6 8.
Nf3 Be7 9. O-O O-O 10. a3 a6 11. Ba2 b5 12. Rc1 Bb7 13. Qd3 Rc8 14. Bb1 g6 15.
Bh6 Re8 16. Rfd1 Qd6 17. h3 Bf8 18. Qd2 Bg7 19. Qg5 Na5 20. Ne5 Nb3 21. Bxg7
Kxg7 22. Rc2 Ng8 23. Qe3 f6 24. Ba2 Na5 25. Nd3 Bd5 26. Bxd5 exd5 27. Qf4 Red8
28. Re2 Nc4 29. Rc1 Kf7 30. Qh4 Kg7 31. Qg4 Re8 32. Rxe8 Rxe8 33. Qf3 Ne7 34.
Re1 Kf7 35. Qe2 Rd8 36. Nc5 Re8 37. g4 Qc6 38. Qf3 Ng8 39. Rxe8 Kxe8 40. Nxd5
Kf7 41. Nd3 Kg7 42. Qg2 Nd2 43. Nc5 Nc4 44. Ne3 Qxg2+ 45. Kxg2 Nxb2 46. Nxa6
Na4 47. Nd5 1-0

[Event "Sparkassen-Open A"]
[Site "Heusenstamm, Martinsee"]
[Date "2022.11.19"]
[Round "4.25"]
[White "Weber, Samuel"]
[Black "Schröder, Jürgen"]
[Result "1-0"]
[WhiteElo "2198"]
[BlackElo "2025"]
[PlyCount "77"]
[EventDate "2022.??.??"]
[WhiteTeam "SV Oberursel"]
[BlackTeam "SC Matt im Park Ffm"]

1. e4 g6 2. d4 Bg7 3. h4 c5 4. d5 d6 5. c4 Nf6 6. Nc3 b5 7. cxb5 a6 8. bxa6
Bxa6 9. g4 Qa5 10. f3 Nxe4 11. fxe4 Bxc3+ 12. Kf2 Bd4+ 13. Kg2 Bxf1+ 14. Qxf1
Nd7 15. Nf3 Ne5 16. Nxe5 Bxe5 17. Bh6 Rb8 18. b3 Qc3 19. Qf2 Qd3 20. Rae1 Bd4
21. Qe2 Qxe2+ 22. Rxe2 Kd7 23. Rf1 f6 24. g5 Rhg8 25. Rc2 Ra8 26. Rd1 Ra6 27.
Kf3 Re8 28. Ke2 e6 29. Rxd4 cxd4 30. gxf6 exd5 31. f7 Rxe4+ 32. Kd3 Ra8 33.
f8=Q Rxf8 34. Bxf8 Rxh4 35. Bg7 g5 36. Bxd4 h5 37. a4 Rh1 38. a5 Rb1 39. Bb2
1-0

[Event "Sparkassen-Open A"]
[Site "Heusenstamm, Martinsee"]
[Date "2022.11.19"]
[Round "4.26"]
[White "Li, Maxim"]
[Black "Böhme, Sebastian"]
[Result "1-0"]
[WhiteElo "1966"]
[BlackElo "2172"]
[PlyCount "117"]
[EventDate "2022.??.??"]
[WhiteTeam "Wiesbadener SV 1885"]
[BlackTeam "SC Erlangen 48/88"]

1. e4 c6 2. d4 d5 3. e5 c5 4. dxc5 e6 5. a3 Bxc5 6. b4 Be7 7. Bd3 a5 8. b5 Nd7
9. Bb2 f6 10. Nf3 Nh6 11. Qe2 fxe5 12. Nxe5 Nxe5 13. Bxe5 Bf6 14. O-O Bxe5 15.
Qxe5 Qf6 16. f4 Nf7 17. Qxf6 gxf6 18. c4 dxc4 19. Bxc4 Nd6 20. Be2 Bd7 21. Nc3
Rc8 22. Rac1 Ke7 23. Rfe1 Rc5 24. Bf3 Rhc8 25. Nd5+ Kf7 26. Rxc5 Rxc5 27. Ne3
Bxb5 28. f5 Nxf5 29. Nxf5 Rxf5 30. Bxb7 Rc5 31. Re3 f5 32. Rh3 Kg7 33. Rg3+ Kf6
34. Rh3 Rc7 35. Ba8 a4 36. Kf2 Rc2+ 37. Ke1 Bc4 38. Rxh7 Ra2 39. Kd1 Rxa3 40.
Kc2 Bb3+ 41. Kb1 e5 42. h4 Bc4 43. Rc7 Bd3+ 44. Kb2 Rb3+ 45. Ka2 Rb4 46. Rc6+
Ke7 47. Rc7+ Kd6 48. Rc6+ Kd5 49. h5 Rb8 50. Rc8+ Rxa8 51. Rxa8 f4 52. Rd8+ Kc4
53. Rxd3 Kxd3 54. h6 e4 55. h7 f3 56. h8=Q f2 57. Qh5 Kd2 58. Qf5 e3 59. Qf3
1-0

[Event "Sparkassen-Open A"]
[Site "Heusenstamm, Martinsee"]
[Date "2022.11.19"]
[Round "4.27"]
[White "Förster, Erik"]
[Black "Stümer, Paul"]
[Result "1-0"]
[WhiteElo "2175"]
[BlackElo "2009"]
[PlyCount "75"]
[EventDate "2022.??.??"]
[WhiteTeam "Sfr.Heidesheim"]
[BlackTeam "SV Bergneustadt/Dersch"]

1. d4 Nf6 2. c4 g6 3. Nc3 Bg7 4. e4 O-O 5. Nf3 d6 6. Be2 e5 7. O-O exd4 8. Nxd4
Re8 9. f3 Nc6 10. Be3 Nh5 11. Qd2 f5 12. Rad1 Be5 13. Nxc6 bxc6 14. f4 Bg7 15.
Bf3 Nf6 16. e5 Ne4 17. Nxe4 fxe4 18. Bxe4 Bb7 19. Qc2 Qe7 20. Qb3 Reb8 21. c5+
d5 22. Bd3 Bc8 23. Qc2 Bg4 24. Rd2 Bf8 25. a3 a5 26. Bd4 Bh6 27. Rdf2 Rf8 28.
h3 Bd7 29. Rf3 Rf7 30. g4 Bg7 31. Qc3 Qh4 32. Bc2 Raf8 33. f5 gxf5 34. gxf5 Kh8
35. Rf4 Qg5+ 36. Rg4 Qh6 37. e6 Bxe6 38. Rxg7 1-0

[Event "Sparkassen-Open A"]
[Site "Heusenstamm, Martinsee"]
[Date "2022.11.19"]
[Round "4.28"]
[White "Kürschner, Matthias"]
[Black "Kardoeus, David"]
[Result "1-0"]
[WhiteElo "1990"]
[BlackElo "2167"]
[PlyCount "125"]
[EventDate "2022.??.??"]
[WhiteTeam "SK Langen"]
[BlackTeam "SV Werder Bremen"]

1. e4 e5 2. Bc4 Nc6 3. Nf3 Bc5 4. Nc3 Nf6 5. d3 a6 6. a3 d6 7. b4 Ba7 8. Be3
Bg4 9. h3 Be6 10. Bxa7 Rxa7 11. Ba2 d5 12. exd5 Nxd5 13. Nxd5 Bxd5 14. Bxd5
Qxd5 15. O-O O-O 16. Qc1 a5 17. Qb2 Nd4 18. Nxd4 exd4 19. Rfe1 Rd8 20. Re4 axb4
21. axb4 f5 22. Re7 Rxa1+ 23. Qxa1 Qd6 24. Qa2+ Qd5 25. Qxd5+ Rxd5 26. Rxc7 Rb5
27. Rc4 Rd5 28. Kf1 Rd7 29. Ke2 Kf7 30. h4 Kf6 31. Kf3 h6 32. Rc5 Rd6 33. b5 g6
34. h5 g5 35. g4 fxg4+ 36. Kxg4 Ke6 37. f4 gxf4 38. Kxf4 Rd7 39. Ke4 Rg7 40.
Kxd4 Rg4+ 41. Ke3 Rh4 42. c4 Kd6 43. Rd5+ Ke6 44. Kd2 Rh1 45. Kc3 b6 46. Rd8
Rxh5 47. Rb8 Rh1 48. Rxb6+ Kd7 49. Rg6 h5 50. Rh6 h4 51. c5 h3 52. Rh7+ Kc8 53.
Kc4 h2 54. Kd5 Rd1 55. Rxh2 Rxd3+ 56. Kc6 Rd8 57. Rh6 Kb8 58. Kb6 Kc8 59. Rh7
Kb8 60. c6 Rg8 61. Rb7+ Kc8 62. Ra7 Rh8 63. Ra8# 1-0

[Event "Sparkassen-Open A"]
[Site "Heusenstamm, Martinsee"]
[Date "2022.11.19"]
[Round "4.29"]
[White "Warter, Siegfried"]
[Black "Richter, Gerald"]
[Result "1-0"]
[WhiteElo "2149"]
[BlackElo "2006"]
[PlyCount "68"]
[EventDate "2022.??.??"]
[WhiteTeam "SC Turm Winterbach"]
[BlackTeam "Siegener SV 1878"]

1. e4 c5 2. Nf3 d6 3. d4 cxd4 4. Nxd4 Nf6 5. Nc3 a6 6. h3 e5 7. Nde2 b5 8. g4
Bb7 9. Bg2 b4 10. Nd5 Nxd5 11. exd5 Nd7 12. c4 Qc7 13. b3 Be7 14. Ng3 O-O 15.
Be4 Nc5 16. Bc2 Bc8 17. g5 f5 18. gxf6 Bxf6 19. Nh5 Bh4 20. Be3 Qf7 21. Qe2 Bf5
22. Rg1 g6 23. O-O-O Ne4 24. Bxe4 Bxe4 25. Qg4 Bxf2 26. Qxe4 Bxg1 27. Rxg1 Qf5
28. Qxf5 Rxf5 29. Ng3 Rf3 30. Kd2 Raf8 31. h4 Kf7 32. Ne4 Ke7 33. c5 Rh3 34.
Rg2 Rxe3 1-0

[Event "Sparkassen-Open A"]
[Site "Heusenstamm, Martinsee"]
[Date "2022.11.19"]
[Round "4.30"]
[White "Wachsmann, Dietmar"]
[Black "Reschke, Thomas"]
[Result "1-0"]
[WhiteElo "1981"]
[BlackElo "2143"]
[PlyCount "71"]
[EventDate "2022.??.??"]
[WhiteTeam "SC Groß-Umstadt"]
[BlackTeam "SC Frankfurt-West"]

1. e4 g6 2. d4 Bg7 3. Nc3 c6 4. h4 h5 5. Be3 d5 6. e5 Nh6 7. Qd2 Nf5 8. Bf4 b6
9. O-O-O e6 10. Bd3 Nxd4 11. Bxg6 c5 12. Bd3 Nbc6 13. Nb5 Nxe5 14. Nxd4 Nxd3+
15. Qxd3 Bxd4 16. Nf3 Qf6 17. Bg5 Bxb2+ 18. Kb1 Qg7 19. Qb5+ Bd7 20. Qxb2 d4
21. Nxd4 cxd4 22. Rxd4 f6 23. Rf4 O-O 24. Bxf6 Qxg2 25. Rd1 Be8 26. Qe5 Rc8 27.
Rf3 Bg6 28. Rg3 Qxg3 29. fxg3 Bf5 30. Rd7 Rf7 31. Rxf7 Kxf7 32. Bg5 Bxc2+ 33.
Kb2 Bf5 34. Qf6+ Kg8 35. Bh6 Rc7 36. Qd8+ 1-0

[Event "Sparkassen-Open A"]
[Site "Heusenstamm, Martinsee"]
[Date "2022.11.19"]
[Round "4.31"]
[White "Iliev, Mustafa Batuhan"]
[Black "Martin, Reiner"]
[Result "1-0"]
[WhiteElo "2089"]
[BlackElo "1996"]
[PlyCount "95"]
[EventDate "2022.??.??"]
[WhiteTeam "SV KS 1929 Großauheim"]
[BlackTeam "SC Bad Soden"]

1. e4 c5 2. Nf3 e6 3. d4 cxd4 4. Nxd4 a6 5. Bd3 Qc7 6. Qe2 d6 7. c4 Nf6 8. Nc3
Nbd7 9. Be3 b6 10. Rc1 Bb7 11. O-O g6 12. Rfd1 Rc8 13. f3 Bg7 14. Qf2 O-O 15.
Nde2 Qc6 16. Nd4 Qc7 17. Nde2 Qc6 18. b3 Nc5 19. Bc2 Rfe8 20. b4 Ncd7 21. Bb3
Rb8 22. Na4 Ba8 23. b5 axb5 24. Nd4 Qb7 25. Nxb5 Red8 26. Rxd6 Bf8 27. Rd3 Ne5
28. Rxd8 Rxd8 29. Qe2 Nxe4 30. fxe4 Qxe4 31. Nbc3 Qh4 32. Bxb6 Ng4 33. h3 Qg5
34. Bxd8 Qxc1+ 35. Nd1 Nh6 36. Qe3 Qb1 37. Nac3 Qf5 38. Bb6 Qh5 39. Ne4 Qe5 40.
Ng3 Qd6 41. Nc3 Qc6 42. Qf2 Bd6 43. Nce4 Be5 44. Bd4 Bxd4 45. Qxd4 f5 46. Qd8+
Kg7 47. Qf6+ Kg8 48. c5 1-0

[Event "Sparkassen-Open A"]
[Site "Heusenstamm, Martinsee"]
[Date "2022.11.19"]
[Round "4.32"]
[White "Rönsch, Andreas"]
[Black "Ohler, Julius"]
[Result "0-1"]
[WhiteElo "1935"]
[BlackElo "2120"]
[PlyCount "56"]
[EventDate "2022.??.??"]
[WhiteTeam "SU Mühlheim"]
[BlackTeam "SC ML Kastellaun"]

1. e4 c6 2. d4 d5 3. exd5 cxd5 4. c4 Nf6 5. Nc3 Nc6 6. Bg5 e6 7. cxd5 exd5 8.
Bb5 Be7 9. Nf3 O-O 10. Bxc6 bxc6 11. O-O h6 12. Bf4 Bg4 13. Qd3 Bxf3 14. Qxf3
Qb6 15. Qd3 Qxb2 16. Rab1 Qa3 17. Bc7 Bd8 18. Be5 Nd7 19. Bf4 Bg5 20. Bc7 Bd8
21. Bf4 Bb6 22. Rb3 Qe7 23. Qg3 Qf6 24. Ne2 Rfe8 25. Be3 Nf8 26. Nf4 Ne6 27.
Nxe6 Rxe6 28. Rfb1 Bxd4 0-1

[Event "Sparkassen-Open A"]
[Site "Heusenstamm, Martinsee"]
[Date "2022.11.19"]
[Round "4.34"]
[White "Junker, Christian"]
[Black "Poschadel, Andreas Gregor"]
[Result "1-0"]
[WhiteElo "1995"]
[BlackElo "2107"]
[PlyCount "73"]
[EventDate "2022.??.??"]
[WhiteTeam "SV 1926 Neu-Isenburg"]
[BlackTeam "Hamelner SV"]

1. Nf3 d5 2. g3 c6 3. d3 Bf5 4. Nbd2 Nf6 5. Bg2 e6 6. O-O h6 7. Qe1 Be7 8. e4
Bh7 9. Ne5 O-O 10. f4 Qc7 11. Qe2 Re8 12. Kh1 Nbd7 13. Nxd7 Nxd7 14. g4 Rad8
15. Nb3 Bf8 16. g5 hxg5 17. fxg5 Bd6 18. h4 f6 19. h5 fxg5 20. Bxg5 Rc8 21. h6
Ne5 22. Bh3 dxe4 23. dxe4 Nf7 24. Bd2 Qe7 25. Qg2 Be5 26. Qg4 Kh8 27. Rae1 Nxh6
28. Qh5 Bg3 29. Bg5 Qd6 30. Bxh6 gxh6 31. Qxh6 Qe7 32. Re3 Be5 33. Qh5 Bg7 34.
Rf7 Qd6 35. e5 Qd8 36. Bg2 Kg8 37. Rg3 1-0

[Event "Sparkassen-Open A"]
[Site "Heusenstamm, Martinsee"]
[Date "2022.11.19"]
[Round "4.35"]
[White "Sandten-Ma, Ulrich"]
[Black "Udelnov, Valentin"]
[Result "0-1"]
[WhiteElo "2105"]
[BlackElo "1873"]
[PlyCount "84"]
[EventDate "2022.??.??"]
[WhiteTeam "VSG 1880 Offenbach"]
[BlackTeam "Schachzwerge Magdeburg"]

1. d4 Nf6 2. Nf3 g6 3. c4 Bg7 4. Nc3 O-O 5. e4 d6 6. Be2 e5 7. d5 Nbd7 8. O-O
Nh5 9. g3 a5 10. Bg5 Nhf6 11. Nd2 h6 12. Be3 Ne8 13. a3 f5 14. exf5 gxf5 15. f4
e4 16. Rc1 c5 17. Re1 Ndf6 18. h3 Qe7 19. Kh2 Qf7 20. Rg1 h5 21. Nf1 Qg6 22. b3
Kf7 23. Nb5 Rh8 24. b4 b6 25. bxc5 bxc5 26. Nxd6+ Nxd6 27. Bxc5 Nd7 28. Be3 Ba6
29. c5 Nc8 30. d6 Bxe2 31. Qxe2 Qe6 32. c6 Nf6 33. d7 Ne7 34. Qb5 Ned5 35. Rg2
Nc7 36. Qb7 Nfd5 37. Ba7 h4 38. Ne3 hxg3+ 39. Rxg3 Nxe3 40. Qxc7 Rxh3+ 41. Rxh3
Qa2+ 42. Kg3 Qg2+ 0-1

[Event "Sparkassen-Open A"]
[Site "Heusenstamm, Martinsee"]
[Date "2022.11.19"]
[Round "4.36"]
[White "Stock, Jürgen"]
[Black "Chassard, Cedric"]
[Result "1/2-1/2"]
[WhiteElo "1825"]
[BlackElo "2041"]
[PlyCount "55"]
[EventDate "2022.??.??"]
[WhiteTeam "SC Steinbach"]
[BlackTeam "SC Schwarzenbach"]

1. d4 Nf6 2. c3 c5 3. e3 d5 4. f4 Nc6 5. Bd3 Bg4 6. Nf3 e6 7. Nbd2 Bd6 8. h3
Bf5 9. Bxf5 exf5 10. Ne5 Bxe5 11. fxe5 Ne4 12. O-O g6 13. Nxe4 fxe4 14. Rf6 O-O
15. Rd6 Qb6 16. Rxd5 Rfd8 17. Rxd8+ Rxd8 18. Qc2 cxd4 19. exd4 Nxe5 20. Qxe4
Nc4 21. b3 Nd6 22. Qf4 Re8 23. Ba3 Nf5 24. Bc5 Qc6 25. Rf1 b6 26. g4 bxc5 27.
gxf5 cxd4 28. Qxd4 1/2-1/2

[Event "Sparkassen-Open A"]
[Site "Heusenstamm, Martinsee"]
[Date "2022.11.19"]
[Round "4.37"]
[White "Pfitzer, Norbert"]
[Black "Reinecke, Katharina"]
[Result "1-0"]
[WhiteElo "2084"]
[BlackElo "1875"]
[PlyCount "85"]
[EventDate "2022.??.??"]
[WhiteTeam "SV Backnang"]
[BlackTeam "SK Langen"]

1. Nf3 d5 2. g3 Nf6 3. Bg2 c6 4. O-O Bf5 5. b3 e6 6. Bb2 h6 7. c4 Be7 8. d4 O-O
9. Nc3 Ne4 10. Ne5 Nxc3 11. Bxc3 Nd7 12. Nd3 Nf6 13. f3 b5 14. Ne5 Rc8 15. c5
Bh7 16. Qd2 Qc7 17. a4 Rb8 18. axb5 Rxb5 19. b4 Nd7 20. Nxd7 Qxd7 21. Ra6 Rc8
22. Rfa1 Rc7 23. Bf1 Rbb7 24. e3 g5 25. R6a5 Bd8 26. Qa2 Rc8 27. Ra3 Rcc7 28.
Rb3 f6 29. Rb2 Qg7 30. b5 cxb5 31. Bxb5 Qe7 32. Qa4 e5 33. Bc6 Rxb2 34. Bxd5+
Kf8 35. Bxb2 exd4 36. Bxd4 Qd7 37. Qxd7 Rxd7 38. Be6 Rb7 39. c6 Rb1+ 40. Kf2
Bd3 41. Rxa7 Rc1 42. Bd7 Bb5 43. c7 1-0

[Event "Sparkassen-Open A"]
[Site "Heusenstamm, Martinsee"]
[Date "2022.11.19"]
[Round "4.38"]
[White "Meuer, David"]
[Black "Steinle, Carsten"]
[Result "1-0"]
[WhiteElo "1793"]
[BlackElo "2082"]
[PlyCount "73"]
[EventDate "2022.??.??"]
[WhiteTeam "SV Lahnstein"]
[BlackTeam "SV Ahlen 1954"]

1. e4 e6 2. d4 Nf6 3. Nc3 d5 4. e5 Nfd7 5. f4 c5 6. Nf3 Nc6 7. Be3 a6 8. Qd2 b5
9. a3 Rb8 10. Be2 b4 11. axb4 Rxb4 12. Bxa6 Bxa6 13. Rxa6 Nxd4 14. Bxd4 cxd4
15. Nxd4 Rxb2 16. Nxe6 fxe6 17. Rxe6+ Be7 18. Nxd5 O-O 19. Nxe7+ Kh8 20. O-O
Qc7 21. Nd5 Qc5+ 22. Ne3 Nb6 23. Qf2 Nc4 24. Nxc4 Qxc4 25. Rd6 Rxc2 26. Rd2 Rc1
27. Rdd1 Rc2 28. Qg3 Rc3 29. Qg5 h6 30. Qg6 Rc2 31. h3 Re2 32. Rd7 Rg8 33. Qg4
Re4 34. Qf5 Qe2 35. Rf7 Qe3+ 36. Kh2 Rd8 37. Ra1 1-0

[Event "Sparkassen-Open A"]
[Site "Heusenstamm, Martinsee"]
[Date "2022.11.19"]
[Round "4.39"]
[White "Siegert, Gregor"]
[Black "Vihan, Shourya"]
[Result "1-0"]
[WhiteElo "1891"]
[BlackElo "1661"]
[PlyCount "97"]
[EventDate "2022.??.??"]
[WhiteTeam "Schachforum Darmstadt 1994"]
[BlackTeam "SV 1934 Ffm-Griesheim"]

1. e4 c6 2. Nc3 d5 3. Nf3 dxe4 4. Nxe4 Nf6 5. Qe2 Nxe4 6. Qxe4 Nd7 7. Bc4 Nf6
8. Ne5 e6 9. Qe2 Bd6 10. d4 O-O 11. O-O Qc7 12. Bf4 b6 13. Rad1 Bb7 14. Rd3 Nd5
15. Bc1 c5 16. Re1 cxd4 17. Rxd4 Bxe5 18. Qxe5 Qxe5 19. Rxe5 Rfd8 20. Be2 Ne7
21. Rxd8+ Rxd8 22. Re3 Nd5 23. Rb3 Kf8 24. Kf1 Ke7 25. c4 Nf6 26. Rd3 Rc8 27.
Rd1 Ba6 28. b3 Ne4 29. Bb2 g6 30. f3 Nc5 31. Kf2 Rc7 32. Ke3 Bb7 33. g4 Bc6 34.
g5 Ke8 35. Rd4 Kf8 36. Bd1 Re7 37. Rd6 Be8 38. f4 Rd7 39. Rxd7 Bxd7 40. b4 Na6
41. a3 b5 42. cxb5 Bxb5 43. Bd4 Nc7 44. Bxa7 Nd5+ 45. Kf3 Nc3 46. Bc2 Na4 47.
Bd4 Ke7 48. Ke3 Kd6 49. Bd3 1-0

[Event "Sparkassen-Open A"]
[Site "Heusenstamm, Martinsee"]
[Date "2022.11.19"]
[Round "4.40"]
[White "Schmidbauer, Frank"]
[Black "Werner, Florin"]
[Result "1-0"]
[WhiteElo "2066"]
[BlackElo "1669"]
[PlyCount "97"]
[EventDate "2022.??.??"]
[WhiteTeam "SV Wollishofen Zuerich"]
[BlackTeam "VSG 1880 Offenbach"]

1. Nf3 d5 2. g3 Nf6 3. Bg2 c6 4. O-O Bf5 5. c4 dxc4 6. Na3 Be6 7. Ng5 Qc8 8.
Nxe6 Qxe6 9. b3 cxb3 10. axb3 Nbd7 11. Nc4 g6 12. d4 Bg7 13. Na5 Rb8 14. Bf4
Ra8 15. Nxb7 Nd5 16. Qd2 O-O 17. Na5 Rac8 18. Rac1 Nxf4 19. Qxf4 c5 20. Bb7
Bxd4 21. Bxc8 Rxc8 22. e3 Bg7 23. Rfd1 Nb6 24. Rc2 Nd5 25. Qc4 Nb4 26. Qxe6
fxe6 27. Rc4 Kf7 28. Rd7 a6 29. Rb7 Nd3 30. b4 Be5 31. Nb3 Bd6 32. Rc3 Nb2 33.
Rc2 Na4 34. bxc5 Bxc5 35. Nxc5 Rxc5 36. Rxc5 Nxc5 37. Rc7 Nb3 38. Rc3 Nd2 39.
Ra3 e5 40. Rxa6 h5 41. h4 e6 42. Kg2 Kf6 43. f3 Kf5 44. Ra8 Kf6 45. Ra4 Kf5 46.
g4+ Kf6 47. g5+ Kf5 48. Ra8 e4 49. Rf8+ 1-0

[Event "Sparkassen-Open A"]
[Site "Heusenstamm, Martinsee"]
[Date "2022.11.19"]
[Round "4.41"]
[White "Farmani Anosheh, Armin"]
[Black "Akhmatovski, Maxim"]
[Result "1-0"]
[WhiteElo "2330"]
[BlackElo "1934"]
[PlyCount "47"]
[EventDate "2022.??.??"]
[WhiteTeam "vereinslos"]
[BlackTeam "SV Oberursel"]

1. e4 c5 2. Nf3 e6 3. d4 cxd4 4. Nxd4 Nf6 5. Nc3 Nc6 6. Ndb5 Bc5 7. Bf4 e5 8.
Be3 Bxe3 9. Nd6+ Kf8 10. fxe3 Qb6 11. Qd2 Ne8 12. O-O-O Ne7 13. Nxe8 Kxe8 14.
Bb5 Nc6 15. Kb1 a6 16. Ba4 Qd8 17. Rhf1 b5 18. Bb3 Rf8 19. Qf2 Qe7 20. Nd5 Qd8
21. Qg3 g6 22. Nf6+ Ke7 23. Nxh7 Na5 24. Qxe5# 1-0

[Event "Sparkassen-Open A"]
[Site "Heusenstamm, Martinsee"]
[Date "2022.11.19"]
[Round "4.42"]
[White "Trumpp, Lothar"]
[Black "Minor, Samuel"]
[Result "0-1"]
[WhiteElo "1915"]
[BlackElo "2210"]
[PlyCount "64"]
[EventDate "2022.??.??"]
[WhiteTeam "VSG 1880 Offenbach"]
[BlackTeam "Wiesbadener SV 1885"]

1. b3 d5 2. Bb2 Nf6 3. e3 Bf5 4. Nf3 e6 5. Be2 h6 6. O-O Nbd7 7. d3 Bd6 8. c4
O-O 9. Nbd2 c6 10. Re1 Qe7 11. Nf1 Bh7 12. Ng3 dxc4 13. bxc4 Rfd8 14. Qc2 e5
15. Red1 Nc5 16. e4 Nfd7 17. Nf1 Nb6 18. Ne3 Rd7 19. Rab1 Rad8 20. Bf1 Qe6 21.
g3 f6 22. Nh4 Bf8 23. Nf3 Kh8 24. Be2 g6 25. Ne1 Bg7 26. f3 f5 27. N1g2 Qf7 28.
Ba3 Ne6 29. c5 Nd4 30. Qd2 Na4 31. Ne1 Nc3 32. Nc4 Ndxe2+ 0-1

[Event "Sparkassen-Open A"]
[Site "Heusenstamm, Martinsee"]
[Date "2022.11.19"]
[Round "4.43"]
[White "Buchinger, Alexis"]
[Black "Kocharin, Timur"]
[Result "1/2-1/2"]
[WhiteElo "1774"]
[BlackElo "2103"]
[PlyCount "95"]
[EventDate "2022.??.??"]
[WhiteTeam "SF Neuberg"]
[BlackTeam "TSV Schönaich"]

1. e4 c5 2. c3 g6 3. d4 cxd4 4. cxd4 d5 5. exd5 Nf6 6. g3 Nxd5 7. Bg2 Nc6 8.
Ne2 Bg7 9. Nbc3 Be6 10. O-O O-O 11. Be3 Nxc3 12. bxc3 Bc4 13. Re1 Rc8 14. Qa4
b5 15. Qa6 Qa5 16. Qxa5 Nxa5 17. a4 Nb3 18. Ra3 Bxe2 19. Rxe2 Rxc3 20. axb5
Nxd4 21. Rea2 Rxa3 22. Rxa3 Nxb5 23. Ra5 Nd6 24. Rxa7 Bf6 25. Bc5 Rd8 26. Ra8
Rxa8 27. Bxa8 Ne8 28. Kg2 Ng7 29. f4 Ne6 30. Bb6 Kg7 31. Bd5 Nf8 32. Bc6 g5 33.
Kf3 gxf4 34. Kxf4 Ne6+ 35. Ke3 Bg5+ 36. Ke4 Kg6 37. Bd7 f5+ 38. Kf3 Nf8 39. Bc8
Kf6 40. g4 f4 41. Bf5 h5 42. h3 Bh6 43. Bc5 Ne6 44. Bxe6 Kxe6 45. gxh5 Kf6 46.
Ke4 e5 47. Bd6 Kg5 48. Bxe5 1/2-1/2

[Event "Sparkassen-Open A"]
[Site "Heusenstamm, Martinsee"]
[Date "2022.11.19"]
[Round "4.44"]
[White "Schellenberger, Dirk"]
[Black "Leck, Gerrit"]
[Result "1/2-1/2"]
[WhiteElo "1799"]
[BlackElo "2029"]
[PlyCount "92"]
[EventDate "2022.??.??"]
[WhiteTeam "SC Aschaffenburg"]
[BlackTeam "SV Lahn Limburg"]

1. e3 Nf6 2. c4 e5 3. Nc3 g6 4. Nf3 d6 5. Be2 Bg7 6. O-O O-O 7. b4 e4 8. Nd4 c5
9. Nc2 Nc6 10. Rb1 Rb8 11. d4 exd3 12. Bxd3 Ne5 13. Be2 Be6 14. Nd5 Ne4 15. Bb2
cxb4 16. f3 Nc3 17. Bxc3 bxc3 18. e4 Qa5 19. Kh1 Nc6 20. a3 a6 21. Nb6 Qc5 22.
Qc1 Rfd8 23. Rd1 Ne5 24. Qe3 Nc6 25. Qxc5 dxc5 26. Rxd8+ Rxd8 27. Nd5 Rd7 28.
Kg1 Nd4 29. Bd3 Bxd5 30. exd5 Nxc2 31. Bxc2 b5 32. Be4 Bd4+ 33. Kf1 f5 34. Bd3
Rb7 35. cxb5 axb5 36. Ke2 b4 37. axb4 cxb4 38. Bc2 Bc5 39. Kd3 Bd6 40. h3 Kf7
41. Bb3 Rc7 42. Rc1 Bf4 43. Rc2 Bd2 44. Ke2 Ke7 45. Ra2 Bf4 46. Kd3 Kd6 1/2-1/2

[Event "Sparkassen-Open A"]
[Site "Heusenstamm, Martinsee"]
[Date "2022.11.19"]
[Round "4.45"]
[White "Wenzel, Calvin"]
[Black "Plaumann, Arvin"]
[Result "1-0"]
[WhiteElo "1984"]
[BlackElo "1744"]
[PlyCount "57"]
[EventDate "2022.??.??"]
[WhiteTeam "SK 1980 Gernsheim"]
[BlackTeam "Sfr.Heidesheim"]

1. e4 e5 2. Nf3 Nc6 3. Bc4 Bc5 4. O-O Nf6 5. d3 d5 6. exd5 Nxd5 7. Re1 O-O 8.
h3 Kh8 9. Nbd2 f6 10. Ne4 Bb6 11. Ng3 Be6 12. c3 Qd7 13. a4 Rad8 14. Qc2 Nf4
15. Bxf4 Bxc4 16. dxc4 exf4 17. Ne4 Qf5 18. b4 a5 19. c5 Ba7 20. b5 Ne5 21. Nd4
Qh5 22. Ne6 f3 23. Ng3 Qh6 24. Nxf8 Bxc5 25. Qxh7+ Qxh7 26. Nxh7 Bxf2+ 27. Kxf2
Rd2+ 28. Ne2 Nd3+ 29. Kxf3 1-0

[Event "Sparkassen-Open A"]
[Site "Heusenstamm, Martinsee"]
[Date "2022.11.19"]
[Round "4.46"]
[White "Buchholz, Maja Patricia"]
[Black "Bräutigam, Thomas"]
[Result "1/2-1/2"]
[WhiteElo "1695"]
[BlackElo "2051"]
[PlyCount "46"]
[EventDate "2022.??.??"]
[WhiteTeam "Wiesbadener SV 1885"]
[BlackTeam "SV Würzburg von 1865"]

1. c4 Nf6 2. g3 e6 3. Bg2 d5 4. Nf3 Be7 5. O-O O-O 6. b3 c5 7. cxd5 Nxd5 8. Bb2
Nc6 9. Nc3 Bf6 10. Qc1 b6 11. Nxd5 exd5 12. d4 Nxd4 13. Nxd4 cxd4 14. Rd1 Ba6
15. Qd2 Re8 16. Bf3 Rc8 17. Re1 d3 18. exd3 Bxb2 19. Qxb2 Bxd3 20. Qd4 Be4 21.
Bxe4 dxe4 22. Rxe4 Qxd4 23. Rxd4 Rc7 1/2-1/2

[Event "Sparkassen-Open A"]
[Site "Heusenstamm, Martinsee"]
[Date "2022.11.19"]
[Round "4.47"]
[White "Wilhelm, Jochen"]
[Black "Blaschke, Henri Johannes"]
[Result "1-0"]
[WhiteElo "2059"]
[BlackElo "1822"]
[PlyCount "95"]
[EventDate "2022.??.??"]
[WhiteTeam "SC 1970 Lorsch"]
[BlackTeam "SK Vellmar"]

1. e4 c5 2. Nf3 Nc6 3. d4 cxd4 4. Nxd4 e5 5. Nb5 d6 6. N1c3 a6 7. Na3 b5 8. Nd5
Be7 9. c3 Nf6 10. Nxf6+ Bxf6 11. Nc2 Be6 12. Ne3 Bg5 13. Be2 Bxe3 14. Bxe3 O-O
15. O-O Ne7 16. a4 Rb8 17. axb5 axb5 18. b4 Qc7 19. Qd2 Rfc8 20. Ra7 Qd8 21.
Rd1 Bb3 22. Rb1 Be6 23. Bg5 f6 24. Be3 Nc6 25. Ra6 Qc7 26. Rba1 Rd8 27. Bd1 Bc4
28. Bg4 Bf7 29. Bf3 Be6 30. h4 Bc4 31. h5 Be6 32. Qd1 Bf7 33. h6 g6 34. Be2 d5
35. exd5 Bxd5 36. Qf1 Ne7 37. Ra7 Bb7 38. Bc5 Nc6 39. R7a2 e4 40. Bxb5 Ne5 41.
Ra7 Ng4 42. Qc4+ Kh8 43. g3 Qe5 44. Qf7 Nxh6 45. Qe7 Ng4 46. Rxb7 Qxe7 47. Rxe7
Rxb5 48. Raa7 1-0

[Event "Sparkassen-Open A"]
[Site "Heusenstamm, Martinsee"]
[Date "2022.11.19"]
[Round "4.48"]
[White "Özdemir, Ali Özden"]
[Black "Weyerer, Noah"]
[Result "1-0"]
[WhiteElo "2048"]
[BlackElo "1605"]
[PlyCount "117"]
[EventDate "2022.??.??"]
[WhiteTeam "SK Langen"]
[BlackTeam "SV Oberursel"]

1. a3 e6 2. c4 b6 3. b4 Bb7 4. Bb2 Nf6 5. Nf3 d5 6. e3 dxc4 7. Bxc4 c5 8. b5
Nbd7 9. O-O Qc7 10. Ne1 Bd6 11. f4 O-O-O 12. Nc3 h5 13. Nf3 h4 14. Ng5 Nf8 15.
Be2 N8h7 16. Nxh7 Rxh7 17. Bf3 e5 18. Bxb7+ Qxb7 19. Qf3 Qxf3 20. Rxf3 Bc7 21.
Rd1 Rd3 22. Ne2 Rh5 23. fxe5 Bxe5 24. Nf4 Bxf4 25. Rxf4 Rh6 26. a4 Rd6 27. d4
cxd4 28. Rc1+ Kd7 29. Bxd4 Ke6 30. Rcf1 Kd7 31. Kf2 g5 32. Rf5 Ne4+ 33. Ke2 f6
34. Kd3 Re6 35. Rd5+ Nd6 36. a5 bxa5 37. Ra1 Kc7 38. Rxa5 Nc8 39. Ra2 Rh7 40.
Rf2 Rh6 41. Ra2 Kb8 42. Rd7 Rd6 43. Rg7 Rh8 44. Kc3 Nb6 45. Raxa7 Nd5+ 46. Kd3
Rhd8 47. Kc4 Rc8+ 48. Kb3 Rc7 49. Rg8+ Rc8 50. Rxc8+ Kxc8 51. Kc4 Nc7 52. Kc5
Re6 53. b6 Ne8 54. Rh7 Kb8 55. Kb5 Nd6+ 56. Ka6 Nc8 57. Rb7+ Ka8 58. Rf7 Kb8
59. Rxf6 1-0

[Event "Sparkassen-Open A"]
[Site "Heusenstamm, Martinsee"]
[Date "2022.11.19"]
[Round "4.49"]
[White "Markosyan, Aleksandr"]
[Black "Weil, Volker"]
[Result "1/2-1/2"]
[WhiteElo "1805"]
[BlackElo "2031"]
[PlyCount "53"]
[EventDate "2022.??.??"]
[WhiteTeam "SG Idstein"]
[BlackTeam "SC Steinbach"]

1. e4 d6 2. Nc3 Nf6 3. f4 d5 4. exd5 Nxd5 5. d4 c6 6. Bd3 g6 7. Nf3 Bg7 8. Nxd5
Qxd5 9. c3 Bg4 10. O-O O-O 11. Qe1 Bxf3 12. Rxf3 e6 13. Qh4 Qd8 14. Qg4 f5 15.
Qg3 Re8 16. Qe1 Nd7 17. Bc4 Nf8 18. Qe2 Qd6 19. a4 c5 20. dxc5 Qxc5+ 21. Be3
Qc7 22. Rd1 Kh8 23. Bd4 e5 24. fxe5 Bxe5 25. Bxe5+ Qxe5 26. Qxe5+ Rxe5 27. Rfd3
1/2-1/2